000 01209cam a2200157 4500500
005 20251228045823.0
041 _afre
042 _adc
100 1 0 _aZembri, Pierre
_eauthor
245 0 0 _aL’audit sur l’état du réseau national français : le roi est nu !
260 _c2005.
500 _a70
520 _aLe mois de septembre 2005 a été marqué par la parution de la version publique très résumée (27 pages sur 800) d’un rapport rendu à la SNCF et à RFF par un consortium d’instituts de recherche et de consultants co-dirigé par Robert RIVIER et Yves PUTALLAZ de l’École Polytechnique Fédérale de Lausanne (EPFL). Ce document clair, sans fioritures, confirme l’impression que les observateurs avisés pouvaient avoir : le sous-investissement est patent et la pérennité même d’une importante proportion du réseau est menacée à moyen terme. Reste à voir si des suites concrètes (une véritable politique de gestion du patrimoine ?) seront données à ce travail remarquable.
786 0 _nTransports urbains | 108 | 2 | 2005-11-02 | p. 13-15 | 0397-6521
856 4 1 _uhttps://stm.cairn.info/revue-transports-urbains-2005-2-page-13?lang=fr&redirect-ssocas=7080
999 _c1579281
_d1579281